Wildest Dreams (Lyrics)- Taylor Swift - Statistics

General Stats
  • This quiz has been taken 154 times
    44 since last reset
  • The average score is 301 of 356
Answer Stats
Answer % Correct
a
100%
and
100%
And
100%
do"
100%
I
100%
it
100%
(It)
100%
me
100%
the
100%
you
100%
(You)
100%
dreams
96%
ha
96%
in
96%
In
96%
Say
96%
see
96%
Wildest
96%
wildest
96%
your
96%
He
92%
he
92%
My
92%
my
92%
remember
92%
so
92%
you'll
92%
You'll
92%
But
88%
but
88%
Even
88%
get
88%
hands
88%
"No
88%
of
88%
said
88%
sunset
88%
this
88%
we
88%
are
85%
at
85%
babe
85%
down
85%
(Down)
85%
if
85%
is
85%
it's
85%
just
85%
(Just
85%
"Let's
85%
lips
85%
out
85%
Red
85%
rosy
85%
to
85%
again
81%
ah
81%
(Ah)
81%
as
81%
bad
81%
cheeks
81%
does
81%
dress
81%
from
81%
handsome
81%
nice
81%
Starin'
81%
tall
81%
town
81%
well
81%
when
81%
all
77%
away
77%
can
77%
forever
77%
hair
77%
hell
77%
His
77%
his
77%
last
77%
night
77%
Nothin'
77%
now
77%
room
77%
Standin'
77%
Standing
77%
what
77%
city
73%
clothes
73%
He's
73%
one
73%
Burnin'
69%
(Burnin')
69%
can't
69%
Drive
69%
end
69%
has
69%
Heaven
69%
know
69%
lasts
69%
sound
69%
voice
69%
with
69%
begins
65%
condition
65%
take
65%
thought
65%
up
65%
familiar
62%
gonna
62%
help
62%
memories
62%
Nothing
62%
our
62%
Follow
58%
(Follow)
58%
(Follow
58%
good
58%
hindsight
58%
kiss
58%
leave
58%
request
58%
Someday
58%
these
58%
around
54%
around)
54%
bet
54%
crowds"
54%
gettin'
54%
had
54%
Tangled
54%
pretend
50%
pretend)
50%
very
50%
we've
38%
No matching quizzes found
Score Distribution
Percent of People with Each Score
Percentile by Number Answered
Your Score History
You have not taken this quiz since the last reset